| 000 | 01430nam a22003377a 4500 | ||
|---|---|---|---|
| 005 | 20240530110452.0 | ||
| 008 | 150407s2010 ua g b 000 0aara d | ||
| 017 |
_a2010/17234 ( v. 1 ) _bمصر . دار الكتب المصرية |
||
| 020 | _a9789777042864 | ||
| 040 | _aEG-CaGPL | ||
| 082 | 0 | 4 |
_221 _a155.2\ _bب ع |
| 100 | 1 | _aبرفين ، لورانس أ. | |
| 245 | 1 | 0 |
_aعلم الشخصية / _cتاليف لورانس أ. برفين ؛ ترجمة عبدالحليم محمود السيد ، ايمن محمد عامر ، محمد يحيى الرخاوى ؛ مراجعة عبدالحليم محمود السيد |
| 250 | _aط1 | ||
| 260 |
_aالقاهرة : _bالمركز القومى للترجمة ، _c2010 . |
||
| 300 |
_a2 جزء ؛ _c24 سم |
||
| 490 | 0 | _aالمشروع القومى للترجمة | |
| 504 | _aيشتمل على ارجاعات ببليوجرافية | ||
| 650 | 0 | 4 | _aالشخصانية ( فلسفة ) |
| 650 | 0 | 4 | _aالفردية |
| 650 | 0 | 4 | _aالذات |
| 650 | 0 | 4 | _aاللاشعور |
| 650 | 0 | 4 |
_aالشخصية _xتقييم |
| 650 | 0 | 4 | _aالشخصية |
| 650 | 0 | 4 | _aالمثالية |
| 700 | 1 |
_aعبدالحليم محمود السيد _eمترجم ومراجع |
|
| 700 | 1 |
_aايمن محمد عامر _eمترجم مشارك |
|
| 700 | 1 |
_aمحمد يحيى الرخاوى _eمترجم مشارك |
|
| 942 |
_2ddc _cBK |
||
| 999 |
_c61273 _d61273 |
||